000 00477nam a2200157Ia 4500
008 240729s9999 xx 000 0 und d
022 _a2163-6001
245 0 _aJournal of Historical Syntax
260 _aGermany
260 _bUniversity of Konstanz
650 _a Philology. Linguistics
650 _aHistory (General) and history of Europe | Language and Literature
856 _uhttps://doaj.org/toc/2d09c4e63b3c450cbe66301665fc9a81
942 _2ddc
942 _cDOAJEJ
999 _c68817
_d68817
945 _a1
_bMadushi Gamage
_c1
_dMadushi Gamage